LEADER 01110nam a2200301 i 4500 001 991000971119707536 005 20020507180830.0 008 940223s1985 us ||| | eng 020 $a0273087304 035 $ab10783003-39ule_inst 035 $aLE01305074$9ExL 040 $aDip.to Matematica$beng 082 0 $a530.12 084 $aAMS 73B 100 1 $aBedford, A.$0348408 245 10$aHamilton's principle in continuum mechanics /$cA. Bedford 260 $aBoston :$bPitman Advanced Publ. Program,$c1985 300 $a106 p. :$bill. ;$c25 cm. 490 0 $aPitman research notes in mathematics series, ISSN 02693674 ;$v139 500 $aBibliography: p. 100-106. 650 4$aContinuum mechanics 650 4$aHamilton, William Rowan, Sir, 1805-1865. 907 $a.b10783003$b23-02-17$c28-06-02 912 $a991000971119707536 945 $aLE013 73B BED11 (1985)$g1$i2013000130767$lle013$o-$pE0.00$q-$rl$s- $t0$u0$v0$w0$x0$y.i10882790$z28-06-02 996 $aHamilton's principle in continuum mechanics$9922041 997 $aUNISALENTO 998 $ale013$b01-01-94$cm$da $e-$feng$gus $h0$i1 LEADER 01089nas 2200421 c 450 001 9910892127003321 005 20260218110259.0 011 $a2582-6727 024 7 $a10.56042/ijms 035 $a(DE-599)ZDB3146129-3 035 $a(OCoLC)1411689834 035 $a(DE-101)127911374X 035 $a(CKB)5220000000000070 035 $a(DE-599)3146129-3 035 $a(EXLCZ)995220000000000070 100 $a20230125a20109999 |y | 101 0 $aeng 135 $aur||||||||||| 181 $ctxt$2rdacontent 182 $cc$2rdamedia 183 $acr$2rdacarrier 200 00$aIndian journal of geo marine sciences 210 31$aNew Delhi$cNISCAIR$d2010- 215 $aOnline-Ressource 300 $aRefereed/Peer-reviewed 311 08$a2582-6506 517 1 $aIJMS 531 00$aIndian J. Mar. Sci. 608 $aZeitschrift$2gnd-content 676 $a570 676 $a550 801 0$b0355 801 1$bDE-101 801 2$b9999 906 $aJOURNAL 912 $a9910892127003321 996 $aIndian Journal of Geo Marine Sciences$94254848 997 $aUNINA